Cosa juzgada vs. identidad biológica (Registro nro. 22580)
[ vista simple ]
| 000 -Cabecera | |
|---|---|
| Campo de control interno | 02471nam a2200277 4500 |
| 001 - Número de control | |
| control field | ESSALUD |
| 005 - Fecha y hora de la última transacción | |
| Campo de control | 20260701103250.0 |
| 007 - Tipo material - Descripcion fisica - info general | |
| Tipo material - Descripcion fisica - info general | ta |
| 008 - Elementos de Longitud Fija - Información General | |
| Elementos de Longitud Fija - Información | t pe ||||| |||| 00| 0 spa d |
| 040 ## - Origen de la Catalogación | |
| Origen de la Catalogación | BMG |
| 041 ## - Idioma | |
| Idioma | spa |
| 100 ## - Autor | |
| Autor | Aquino Lira, Richard Baudelio |
| Rol del Autor | Autor |
| 9 (RLIN) | 52966 |
| 245 ## - Titulo | |
| Titulo | Cosa juzgada vs. identidad biológica |
| Subtitulo | Problemática derivada del resultado del proceso de filiación paterno extramatrimonial |
| 246 ## - Variante del Titulo | |
| Titulo | Res judicata vs. biological identity |
| Subtitulo | Legal issues arising from the outcome of extra marital paternity proceedings |
| 300 ## - Páginas | |
| Paginación | páginas 145-163 |
| 520 ## - Resumen | |
| Resumen | ¿Es viable cuestionar la cosa juzgada obtenida en un proceso de filiación extramatrimonial, si en este proceso el demandado no formuló oposición y no se realizó la prueba de ADN por falta de recursos o se presentó alguna otra circunstancia? El autor refiere que en algunos casos sí es posible, pero, además, propone un proceso de revisión de filiación paterna, el que debería ser de competencia del juez de familia, tramitado como proceso especial, sujeto a causales concretas, pero no de carácter cerrado, y tener como único medio de prueba al ADN. Asimismo, resalta que deberá privilegiarse la identidad dinámica del menor y no la biológica, haciendo prevalecer siempre el interés superior del menor. |
| 520 ## - Resumen | |
| Resumen | Is it viable to challenge the res judicata status obtained in an extramarital paternity<br/>proceeding if the defendant failed to file an opposition and the DNA test was not performed due to a lack of resources or other circumstances? The author asserts that, in certain cases, such a challenge is indeed possible. Furthermore, he proposes a paternity review proceeding under the jurisdiction of the Family Court, to be conducted as o special proceeding subject to specific-though not exhaustive grounds, with DNA testing as the sole means of evidence. Additionally, he emphasizes that the dynamic identity of the minor must be privileged over the biological identity, ensuring that the Best interests of the Child always prevail.<br/> |
| 650 ## - Temas - Descriptores | |
| Temas - Descriptores | COSA JUZGADA |
| 9 (RLIN) | 52967 |
| 650 ## - Temas - Descriptores | |
| Temas - Descriptores | DERECHO A LA IDENTIDAD |
| 9 (RLIN) | 52968 |
| 650 ## - Temas - Descriptores | |
| Temas - Descriptores | PRUEBA DE ADN |
| 9 (RLIN) | 52969 |
| 650 ## - Temas - Descriptores | |
| Temas - Descriptores | RES JUDICATA |
| 9 (RLIN) | 52970 |
| 650 ## - Temas - Descriptores | |
| Temas - Descriptores | RIGHT TO IDENHTY |
| 9 (RLIN) | 52971 |
| 650 ## - Temas - Descriptores | |
| Temas - Descriptores | DNA TESTING |
| 9 (RLIN) | 52972 |
| 773 0# - Revista (Relacion con el numero) | |
| Host Biblionumber | 22573 |
| Host Itemnumber | 22620 |
| Ciudad, Editorial | Lima Grupo Praxis Formación Profesional, 2026- |
| Codigo barras item/ejemplar | PRA001 |
| Titulo de la Revista | Praxis Civil & Procesal Civil |
| Número de control de registro | ESSALUD |
| ISSN | 3119-7671 |
| 942 ## - Elementos de Koha | |
| Tipo de Documento | Artículos |
| Fecha procesamiento | 2026-06-30 |
| Catalogador | sqb |
No hay ítems disponibles.